000 00726cam a22001937a 4500
008 180718b2000 xxu||||| |||| 00| 0 eng d
082 _aPx54 M896
100 _aMukhopadayay, Sudesh
245 _aEducation of children with special needs
_cby Sudesh Mukhopadhyay and M.N.G. Mani
260 _aNew Delhi
_bNational Institute of Educational Planning and Administration
_c2000
300 _a28+p.
440 _aYear 2000 assessment: education for all
650 _aEducation - India
700 _aUnesco
700 _aIndian National Commission for Cooperation
700 _aIndia. Ministry of Human Resource Development
700 _aNational Institute of Educational Planning and Administration
700 _aM.N.G. Mani
999 _c490372
_d490372